[Event "Olympiad Women-43"]
[Site "Batumi"]
[Date "2018.09.30"]
[Round "6.58"]
[White "Ngugama, Magret"]
[Black "Buhagiar, Melita Sunan"]
[Result "1-0"]
[WhiteElo "1306"]
[BlackElo "1378"]
[PlyCount "81"]
[EventDate "2018.09.24"]
[EventType "team-swiss"]
[EventRounds "11"]
[EventCountry "GEO"]
[SourceTitle "EXT 2020"]
[Source "ChessBase"]
[SourceDate "2019.10.17"]
[SourceVersion "1"]
[SourceVersionDate "2019.10.17"]
[SourceQuality "1"]
[WhiteTeam "Malawi (W)"]
[BlackTeam "Thailand (W)"]
[WhiteTeamCountry "MWI"]
[BlackTeamCountry "THA"]

1. e4 c5 2. Nf3 d6 3. h3 Nc6 4. Bc4 Nf6 5. d3 e6 6. Bb5 Bd7 7. 0-0 Be7 8. Nc3 0-0 9. a3 a6 10. Bxc6 Bxc6 11. b3 Rc8 12. Bb2 Qc7 13. Re1 Rfd8 14. Ne2 h6 15. Ng3 b5 16. c4 d5 17. cxd5 exd5 18. e5 Nd7 19. Nf5 Bf8 20. d4 g6 21. Ng3 cxd4 22. Qxd4 Bc5 23. Qg4 d4 24. e6 Nf6 25. exf7+ Kxf7 26. Ne5+ Kf8 27. Qxg6 Qg7 28. Qxg7+ Kxg7 29. Nf5+ Kh7 30. Bc1 Re8 31. Bxh6 Bb7 32. Bg5 Ne4 33. Bf4 Rf8 34. g4 Rcd8 35. Nd3 Bb6 36. f3 Nc5 37. Re7+ Kh8 38. Be5+ Kg8 39. Rg7+ Kh8 40. Rxb7+ Kg8 41. Nh6# 1-0

[Event "Olympiad Women-43"]
[Site "Batumi"]
[Date "2018.09.26"]
[Round "3.59"]
[White "Buhagiar, Melita Sunan"]
[Black "Gebretsadkan, Merhawit Brhane"]
[Result "1-0"]
[WhiteElo "1378"]
[BlackElo "1408"]
[PlyCount "111"]
[EventDate "2018.09.24"]
[EventType "team-swiss"]
[EventRounds "11"]
[EventCountry "GEO"]
[SourceTitle "EXT 2020"]
[Source "ChessBase"]
[SourceDate "2019.10.17"]
[SourceVersion "1"]
[SourceVersionDate "2019.10.17"]
[SourceQuality "1"]
[WhiteTeam "Thailand (W)"]
[BlackTeam "Ethiopia (W)"]
[WhiteTeamCountry "THA"]
[BlackTeamCountry "ETH"]

1. d4 d5 2. c4 e6 3. Nf3 Nc6 4. Nc3 Nf6 5. Bg5 Be7 6. e3 h6 7. Bxf6 Bxf6 8. a3 a6 9. Bd3 0-0 10. 0-0 b6 11. Rc1 Bb7 12. cxd5 exd5 13. h3 Rb8 14. Qc2 Re8 15. b4 Ne7 16. Ne2 c6 17. Nf4 Qd6 18. Nh5 Bc8 19. Nxf6+ Qxf6 20. Ne5 Qg5 21. Kh2 Nf5 22. Bxf5 Bxf5 23. Qxc6 Be4 24. f3 Bf5 25. f4 Qd8 26. Qc3 Rc8 27. Qd2 f6 28. Rxc8 Qxc8 29. Nf3 Qc4 30. Rc1 Qb3 31. Rc3 Qa4 32. Nh4 Bh7 33. Qc1 g5 34. fxg5 fxg5 35. Nf3 Qd7 36. Ne5 Qb7 37. Rc7 Qa8 38. Qc6 Qd8 39. Qd7 Qxd7 40. Rxd7 Rf8 41. Rb7 Rf2 42. Rxb6 Be4 43. Kg1 Rxg2+ 44. Kf1 Ra2 45. Rxa6 Rc2 46. b5 Bg2+ 47. Ke1 Bxh3 48. b6 Rb2 49. Ra8+ Kg7 50. Ra7+ Kf8 51. b7 g4 52. Ra8+ Ke7 53. b8Q Rxb8 54. Rxb8 g3 55. Rg8 g2 56. Kf2 1-0